01600 a2200217 4500003000500000005001700005040000900022082001500031100003400046245005800080250001100138260005300149300004000202505070400242650004400946942002400990999001901014952010201033952012401135952012301259Nust20221115125023.0 cNust a512.13,VAN aVance, Elbridge Putnam939135 aModern algebra and trigonometry / cElbridge P. Vance a2d ed. aReading, Mass.,bAddison-Wesley Pub. Co.c[1968] axi, 432 p. illus.bpart col. 24 cm. aSets and Numbers (Page-1), The Algebra of Numbers as a Logical Systems (Page-20), Extensions of the Logic of Algebra (Page-33), Inequalities Absolute Values and Coordinate Systems (Page-64), Functions and Their Graphical Representation (Page-87), The Circular Functions (Page-99), Linear and Quadratic Functions (Page-144), Determinants (Page-189), Polynomial Functions (Page-206), Inverse Functions (Page-220), Permutations Combinations and the Binomial Theorem (Page-233), Mathematical Induction (Page-250), Exponential and Logarithmic Functions (Page-257), Applications of the Circular Functions (Page-280), Applications of the Circular Functions to Angles (Page-293), Complex Numbers(Page-322).  aModern algebra and trigonometry9102640 2ddccBKk512.13,VAN c182110d182110 00102ddc40708NFICaMCSbMCSd2016-12-12l0o512.13 VANpMCS20725r2016-12-08w2016-12-12yBK 00102ddc4070aMCSbMCScGENd2016-12-12o512.13,VANpMCS20731r2016-12-08w2016-12-12yBKzAlmirah No.11, Shelf No.2 00102ddc4070aMCSbMCScGENd2016-12-12o512.13,VANpMCS7646r2016-12-08w2016-12-12yBKzAlmirah No.11, Shelf No.2